00339nam a22001097a 4500082002700000100001500027245007300042260005100115300001800166526003700184650000800221 a624.25bLEGcL-19, P-6 aLegat, A.W aDesign and construction of reinforced concrete bridges /cA.W, Legat aLondon :bConcrete Publication Limited,c1948. avii, 515 p. : a0b0c0d624_250000000000000_LEG aMCE